As Maiores Cidades do Sudeste do Brasil - Statistics

Estatísticas Gerais
  • Esse quiz foi jogado 203 vezes
  • A pontuação média é 20 de 30
Estatísticas das Respostas
População Cidade Estado % Correto
2.315.560 Belo Horizonte MG
99%
6.211.423 Rio de Janeiro RJ
99%
11.451.245 São Paulo SP
99%
1.138.309 Campinas SP
94%
1.291.784 Guarulhos SP
92%
481.758 Niterói RJ
85%
713.232 Uberlândia MG
82%
810.729 São Bernardo do Campo SP
81%
748.919 Santo André SP
76%
698.259 Ribeirão Preto SP
75%
418.608 Santos SP
75%
1.098.357 São Gonçalo RJ
75%
743.432 Osasco SP
72%
697.428 São José dos Campos SP
69%
723.574 Sorocaba SP
69%
808.152 Duque de Caxias RJ
68%
540.756 Juiz de Fora MG
68%
785.882 Nova Iguaçu RJ
65%
467.722 Vila Velha ES
63%
483.551 Campos dos Goytacazes RJ
62%
621.865 Contagem MG
61%
520.649 Serra ES
58%
480.439 São José do Rio Preto SP
56%
443.116 Jundiaí SP
53%
483.087 Belford Roxo RJ
52%
414.240 Montes Claros MG
46%
423.323 Piracicaba SP
39%
418.261 Mauá SP
37%
449.955 Mogi das Cruzes SP
36%
440.962 São João do Meriti RJ
6%
Nenhum quiz correspondente encontrado
Distribuição das Pontuações
Porcentagem de Pessoas com Cada Pontuação
Percentil de Números Respondidos
Sua Pontuação Histórica
Você não jogou esse quiz